000 00882cam a2200337 4500
001 ABS66996
008 030820n2003 000 0 eng u
035 _a(Sirsi) u123308
245 _aFocus 2003: Middle East
260 _c2003
490 _aEstates Gazette
_v(0330) 26 July 2003, 49-69(17)
590 _aABS
650 _aMIDDLE EAST
650 _aSAUDI ARABIA
650 _aDUBAI
650 _aBEIRUT
650 _aEGYPT
650 _aIRAQ
650 _aISRAEL
650 _aEUROPE
650 _aUNITED KINGDOM
650 _aLEBANON
650 _aVALUATIONS
650 _aFOREIGN INVESTMENT
650 _aRECONSTRUCTION
650 _aGATT
650 _aPROPERTY-COMMERCIAL PROPERTY-RETAIL PROPERTY-RETAIL PROPERTY MARKET
650 _aPROPERTY-COMMERCIAL PROPERTY-OFFICE PROPERTY-OFFICE PROPERTY MARKET
690 _aINTERNATIONAL
942 _n0
999 _c73245
_d73245